| 000 | 00588nam a2200169Ia 4500 | ||
|---|---|---|---|
| 003 | Ost | ||
| 005 | 20260507075700.0 | ||
| 008 | 260507s9999||||xx |||||||||||||| ||und|| | ||
| 040 | _cfsecg | ||
| 041 | _aara | ||
| 100 |
_aحنا، اشرف ادوارد _eمؤلف |
||
| 245 | 0 |
_aتعليمات الشهر العقاري : _bوفقا لاحداث التعديلات / _c اشرف ادوارد حنا |
|
| 260 |
_aالقاهرة: _bالمكتب الفني للاصدارات القانونية, _c1999 |
||
| 300 | _a609 صفحة؛ | ||
| 653 | _aقانون تجاري | ||
| 942 | _cكتاب | ||
| 999 |
_c45807 _d45807 |
||